00731nam a2200205 4500010001300000020002000013035001300033037001800046040001200064082001500076245008600091260004800177270005000225300004700275505009500322650003200417650003400449700001900483700002300502 aA-820983 a8170248019(Set) aA-820983 bCen Lib / Ret aDPLbEN a363.9bMAR aMarital disputes and counselling /cedited by Mamta Sehgal [and] Nirmala Sherjung aNew DelhibAPH Publishing Corporationc1997 a5, Ansari Road Darya Ganj bNew Delhie110002 a(v 1. 114 ; v 2. 121 ; v 3.138p)b24cm(Hb) a3 v. ; v 1 Counselling methodology.--v. 2. Diagnostic techniques ; v. 3. Remedial measures aMarital conflicts -- India. aMarriage counseling -- India. aSehgal, Mamta  aSherjung, Nirmala